00997 a2200229 4500003000500000005001700005010001600022020001700038040000900055082001500064100003100079245006300110250001200173260003100185300002100216505031500237650003600552700002400588942001200612999001900624952012400643Nust20230307095427.0 a 87037465 a0385237847 : cNust00a355.02,CRE0 aCreveld, Martin Van95147014aThe art of war and military thought /cMartin Van Creveld a1st ed. aLondon :bDoubleday,c2000 a224 p. ;c28 cm. aIntroduction Studying War (Page-13), Chinese Military Thought (Page-19), From Antiquity to The Middle Ages (Page-37), From 1500 to 1763 (Page-67), Guibert to Clausewitz (Page-95), The Nineteenth Century (Page-121), Naval Warfare (Page-145), The Interwar Period (Page-161), From 1945 to The Present (Page-185). 0aMilitary art and science9379141 aWing, R. L.9109919 2ddccBK c185345d185345 00102ddc4070aMCSbMCScGENd2016-12-12o355.02,CREpMCS31899r2016-12-08w2016-12-12yBKzAlmirah No.73, Shelf No.8